000 01039nam2a22002651 4500
001 RU\NLR\INFOCOMM15\1000117923
005 20250617062000.0
035 _a(NLR Aleph) 002517512
090 _a2734744
_c2734744
100 _a20040413d1930 |||y0rusy50 ca
101 0 _arus
102 _aRU
105 _ay |||||||||
200 1 _a"Цзин-Тян" аграрный строй древнего Китая
_fМ.Д. Кокин, Г. Папаян
210 _d1930
_aБ. м.
461 0 _1001RU\NLR\INFOCOMM15\1000117885
_12001#$a[Издания]$fЦИК СССР. Ленингр. вост. ин-т$v38
_92734453
_aЛенинградский восточный институт
_cЛ.
_d1922-1937
_fЦИК СССР. Ленингр. вост. ин-т
_nЛенингр. вост. ин-т
_t[Издания]
_v38
700 1 _aКокин
_bМ.Д.
_4070
701 1 _aПапаян
_bГ.
_4070
801 1 _aRU
_bInfoComm
_c20040413
801 0 _aRU
_bNLR
_gPSBO
852 _aNLR
_j67/533
942 _cISSUE
980 _aNB
980 _aRUSPER